• 首页
  • 本馆介绍
  • 公告通知
  • 最新文献
  • 馆藏检索
  • 电子资源
  • 读者导购
  • 参考咨询
  • 我的图书馆
  • 登录
  • 详细信息显示
  • 放入我的书架
  • 预约/预借图书
  • 作者相关作品
  • 分类相关作品
  • 丛书相关作品
  • 出版社相关作品

书目信息

  • 表格格式
  • 工作单格式
  • 卡片格式
题名:
公共部门人力资源管理
    
 
作者: 赵曼 , 陈全明 主编
分册:  
出版信息: 北京   清华大学出版社  2010
页数: 11,380页
开本: 23cm
丛书名:
单 册:
中图分类: D035.2
科图分类:
主题词: 人事管理学--高等教育--教材 , 人事管理学
电子资源:
ISBN: 978-7-302-21390-1
000 00996nam0 2200277 450
001 523
005 20140905095756.37
010    @a978-7-302-21390-1@dCNY36.00
100    @a20100120d2010 em y0chiy50 ea
101 0  @achi
102    @aCN@b110000
105    @ay z 000yy
106    @ar
200 1  @a公共部门人力资源管理@AGong Gong Bu Men Ren Li Zi Yuan Guan Li@f赵曼,陈全明主编@FZhao Man, Chen Quan Ming Zhu Bian
205    @a2版
210    @a北京@c清华大学出版社@d2010
215    @a11,380页@d23cm
300    @a普通高等教育“十一五”国家级规划教材 公共管理实用培训教程
330    @a本书以公共部门人力资源管理与开发为基础,介绍了公共部门人力资源管理的各个环节如公共部门人力资源甄选与录用、开发与培训等方面的知识。
606 0  @a人事管理学@x高等教育@j教材
606 0  @a人事管理学
690    @aD035.2@v5
701  0 @a赵曼@AZhao Man@c(女,@f1952~)@4主编
701  0 @a陈全明@AChen Quan Ming@f(1955~)@4主编
801  0 @aCN@bTANGWEI@c20140603
905    @b0839479-81@dD035.2@e116=2@f3
    
    公共部门人力资源管理/赵曼,陈全明主编.-2版.-北京:清华大学出版社,2010
    11,380页;23cm
    普通高等教育“十一五”国家级规划教材 公共管理实用培训教程
    
    ISBN 978-7-302-21390-1:CNY36.00
    本书以公共部门人力资源管理与开发为基础,介绍了公共部门人力资源管理的各个环节如公共部门人力资源甄选与录用、开发与培训等方面的知识。
●
相关链接 在E读中查询图书 在五车中查询图书 在当当中查询图书 在豆瓣中查询图书


正题名:公共部门人力资源管理     索取号:D035.2/116=2         预约/预借

序号 登录号 条形码 馆藏地/架位号 状态 备注
1 0839479   208394799   第一样本阅览室/ [索取号:D035.2/116=2] 在馆    
2 0839480   208394806   第一借阅区/ [索取号:D035.2/116=2] 在馆    
3 0839481   208394815   密集书库-史法系/ [索取号:D035.2/116=2] 在馆    
唐山师范学院图书馆 欢迎您!
大连网信软件有限公司© 版权所有